<?xml version="1.0" encoding="UTF-8"?>
<record
    xmlns:xsi="http://www.w3.org/2001/XMLSchema-instance"
    xsi:schemaLocation="http://www.loc.gov/MARC21/slim http://www.loc.gov/standards/marcxml/schema/MARC21slim.xsd"
    xmlns="http://www.loc.gov/MARC21/slim">

  <leader>00842nam a2200253 a 4500</leader>
  <controlfield tag="001">000033273</controlfield>
  <controlfield tag="003">DO-SdBNP</controlfield>
  <controlfield tag="005">20240305085107.0</controlfield>
  <controlfield tag="007">ta</controlfield>
  <controlfield tag="008">110823s1956    dr            000 0 spa d</controlfield>
  <datafield tag="040" ind1=" " ind2=" ">
    <subfield code="a">DO-SdBNP</subfield>
    <subfield code="b">spa</subfield>
    <subfield code="c">BNPHU</subfield>
  </datafield>
  <datafield tag="082" ind1=" " ind2=" ">
    <subfield code="a">xxxx</subfield>
    <subfield code="b">F632b</subfield>
  </datafield>
  <datafield tag="100" ind1="1" ind2=" ">
    <subfield code="a">Flor&#xE9;n , Luis,</subfield>
    <subfield code="d">1913-1973</subfield>
    <subfield code="9">54795</subfield>
  </datafield>
  <datafield tag="245" ind1="1" ind2="0">
    <subfield code="a">Bibliograf&#xED;a de las Bellas Artes en Santo Domingo /</subfield>
    <subfield code="c">Luis Floren Lozano.</subfield>
  </datafield>
  <datafield tag="260" ind1=" " ind2=" ">
    <subfield code="a">Bogot&#xE1; :</subfield>
    <subfield code="b">Antares,</subfield>
    <subfield code="c">1956.</subfield>
  </datafield>
  <datafield tag="300" ind1=" " ind2=" ">
    <subfield code="a">53 p. ;</subfield>
    <subfield code="c">23 cm.</subfield>
  </datafield>
  <datafield tag="490" ind1="1" ind2=" ">
    <subfield code="a">Materiales para el estudios de la cultura dominicana ;</subfield>
    <subfield code="v">8 ;</subfield>
  </datafield>
  <datafield tag="500" ind1=" " ind2=" ">
    <subfield code="a">Incluye &#xED;ndice</subfield>
  </datafield>
  <datafield tag="500" ind1=" " ind2=" ">
    <subfield code="a">Luis Floren Lozano ex-bibliotecario de la Universidad de Santo Domingo. </subfield>
  </datafield>
  <datafield tag="590" ind1=" " ind2=" ">
    <subfield code="a">Inventariado, 2022/ YL</subfield>
  </datafield>
  <datafield tag="830" ind1=" " ind2="0">
    <subfield code="a">Materiales para el estudios de la cultura dominicana</subfield>
    <subfield code="v">8</subfield>
    <subfield code="9">58882</subfield>
  </datafield>
  <datafield tag="910" ind1=" " ind2=" ">
    <subfield code="a">YLockward</subfield>
  </datafield>
  <datafield tag="942" ind1=" " ind2=" ">
    <subfield code="2">ddc</subfield>
    <subfield code="c">LBS1</subfield>
  </datafield>
  <datafield tag="952" ind1=" " ind2=" ">
    <subfield code="0">0</subfield>
    <subfield code="1">0</subfield>
    <subfield code="2">ddc</subfield>
    <subfield code="5">1</subfield>
    <subfield code="7">0</subfield>
    <subfield code="8">PD-RV</subfield>
    <subfield code="a">BNPHU</subfield>
    <subfield code="b">BNPHU</subfield>
    <subfield code="c">CT</subfield>
    <subfield code="d">2011-08-23</subfield>
    <subfield code="i">LF1</subfield>
    <subfield code="o"> </subfield>
    <subfield code="p">33273-10</subfield>
    <subfield code="r">2020-06-25</subfield>
    <subfield code="w">2020-06-25</subfield>
    <subfield code="y">LBS1</subfield>
    <subfield code="z">Perteneci&#xF3; a la biblioteca personal de Carlos Larraz&#xE1;bal Blanco.</subfield>
  </datafield>
  <datafield tag="999" ind1=" " ind2=" ">
    <subfield code="c">32764</subfield>
    <subfield code="d">32764</subfield>
  </datafield>
</record>
